BGMEA University of Fashion and Technology
University Library

The new leaders : (Record no. 2992)

MARC details
000 -LEADER
fixed length control field 01128cam a2200337 a 4500
001 - CONTROL NUMBER
control field 2992
003 - CONTROL NUMBER IDENTIFIER
control field BD-DhBUF
005 - DATE AND TIME OF LATEST TRANSACTION
control field 20260202132441.0
008 - FIXED-LENGTH DATA ELEMENTS--GENERAL INFORMATION
fixed length control field 920515s1992 caua b 001 0 eng
010 ## - LIBRARY OF CONGRESS CONTROL NUMBER
LC control number 92020107
020 ## - INTERNATIONAL STANDARD BOOK NUMBER
International Standard Book Number 1555424597 (alk. paper)
035 ## - SYSTEM CONTROL NUMBER
System control number (OCoLC)26012515 930907
035 ## - SYSTEM CONTROL NUMBER
System control number (StEdNL)1970421-nlsdb-Voyager
040 ## - CATALOGING SOURCE
Original cataloging agency DLC
Transcribing agency DLC
Modifying agency COU
-- NLE
043 ## - GEOGRAPHIC AREA CODE
Geographic area code n-us---
049 ## - LOCAL HOLDINGS (OCLC)
Holding library NLES
050 00 - LIBRARY OF CONGRESS CALL NUMBER
Classification number HD38.2
Item number .M67 1992
082 00 - DEWEY DECIMAL CLASSIFICATION NUMBER
Classification number 658.4/092
Edition number 20
096 ## - LOCALLY ASSIGNED NLM-TYPE CALL NUMBER (OCLC)
Classification number HD 38.2 M878n 1992
100 1# - MAIN ENTRY--PERSONAL NAME
Personal name Morrison, Ann M.
9 (RLIN) 1195
245 14 - TITLE STATEMENT
Title The new leaders :
Remainder of title guidelines on leadership diversity in America /
Statement of responsibility, etc. Ann M. Morrison.
260 ## - PUBLICATION, DISTRIBUTION, ETC.
Place of publication, distribution, etc. San Francisco, Calif. :
Name of publisher, distributor, etc. Jossey-Bass,
Date of publication, distribution, etc. c1992.
300 ## - PHYSICAL DESCRIPTION
Extent xxiii, 317 p. :
Other physical details ill. ;
Dimensions 24 cm.
440 #4 - SERIES STATEMENT/ADDED ENTRY--TITLE
Title The Jossey-Bass management series
504 ## - BIBLIOGRAPHY, ETC. NOTE
Bibliography, etc. note Includes bibliographical references (p. 299-308) and index.
650 #0 - SUBJECT ADDED ENTRY--TOPICAL TERM
Topical term or geographic name entry element Executives
Geographic subdivision United States.
9 (RLIN) 3216
650 #0 - SUBJECT ADDED ENTRY--TOPICAL TERM
Topical term or geographic name entry element Women executives
Geographic subdivision United States.
650 #0 - SUBJECT ADDED ENTRY--TOPICAL TERM
Topical term or geographic name entry element Minority executives
Geographic subdivision United States.
9 (RLIN) 4326
650 #0 - SUBJECT ADDED ENTRY--TOPICAL TERM
Topical term or geographic name entry element Affirmative action programs
Geographic subdivision United States.
9 (RLIN) 4327
942 ## - ADDED ENTRY ELEMENTS (KOHA)
Source of classification or shelving scheme Dewey Decimal Classification
Koha item type Books
Holdings
Withdrawn status Lost status Source of classification or shelving scheme Damaged status Not for loan Home library Current library Date acquired Total Checkouts Full call number Barcode Date last seen Copy number Price effective from Koha item type
    Dewey Decimal Classification     BUFT Library BUFT Library 07/30/2001   658.4092 M872n 1992 2001-0726 02/02/2026 C-1 02/02/2026 Books
Copyright © 2019-2023 | BUFT Library
BGMEA University of Fashion and Technology
Library Home | University Home
| Maintained by Library Team